|
|
|
|
| LEADER |
00655nab a2200181 i 4500 |
| 001 |
misc73475 |
| 005 |
20241018104330.0 |
| 008 |
240312s1955 hu o 000 eng d |
| 040 |
|
|
|a SZTE Miscellanea Repozitórium
|b hun
|
| 041 |
|
|
|a eng
|
| 100 |
2 |
|
|a Szent-Györgyi Albert
|
| 245 |
1 |
0 |
|a Contraction in the heart muscle fiber
|h [elektronikus dokumentum] /
|c Szent-Györgyi Albert
|
| 260 |
|
|
|c 1955
|
| 300 |
|
|
|a 1-9
|
| 490 |
0 |
|
|a Advances in Cardiology
|
| 561 |
|
|
|a Szent-Györgyi Albert tudományos és egyéb írásai
|
| 695 |
|
|
|a Izom - izomösszehúzódás - szívizomrost
|
| 856 |
4 |
0 |
|u http://misc.bibl.u-szeged.hu/73475/1/szgya_amerikai_089.pdf
|z Dokumentum-elérés
|